000 00967cam a22002411i 4500
003 SA-RiAUC
005 20250414075837.0
008 250414s1982 su f f000r0 ara c
040 _aSA-MuMU
_bara
_cSA-RiAUC
_erda
043 _aa-su---
082 0 4 _a657.9109531
090 _a657.9109531
_b ع ب د
100 1 _aعبده، عبد الفتاح إبراهيم مصطفى
_eمؤلف.
245 1 2 _aالمحاسبة في شركات الأشخاص طبقا للنظام السعودي /
_cتأليف عبد الفتاح إبراهيم مصطفى عبده.
264 1 _aالرياض :
_bمعهد الإدارة العامة،
_c1982
300 _a256 صفحة؛
_c24 سم.
336 _aنص
_btxt
_2rdacontent
_3كتاب
337 _aبدون وسيط
_bn
_2rdamedia
338 _aمجلد
_bnc
_2rdacarrier
650 7 _aشركات الأشخاص
_zالسعودية
_xمحاسبة
_2aucsh
942 _2ddc
_cBOOK
_n0
949 _aSA-JeALM
_d250414
_umohamedma123
_n1
999 _c7007
_d7007